[Event "ROM-ch U12"]
[Site "Baile Felix"]
[Date "2017.02.06"]
[Round "6"]
[White "Balaban Voia, Alexandru"]
[Black "Meriuta, George Cosmin"]
[Result "1-0"]
[WhiteElo "2004"]
[BlackElo "1481"]
[PlyCount "99"]
[EventDate "2017.02.02"]
[EventType "swiss"]
[EventRounds "9"]
[EventCountry "ROU"]
[SourceTitle "CBM 176 Extra"]
[Source "ChessBase"]
[SourceDate "2017.03.02"]
[SourceVersion "1"]
[SourceVersionDate "2017.03.02"]
[SourceQuality "1"]

1. c4 c5 2. Nc3 Nc6 3. g3 g6 4. Bg2 Bg7 5. e3 e6 6. Nge2 Nge7 7. d4 cxd4 8. Nxd4 Nxd4 9. exd4 d5 10. cxd5 Nxd5 11. Nxd5 exd5 12. 0-0 0-0 13. Be3 Be6 14. Rc1 Rc8 15. Rxc8 Qxc8 16. Qb3 Qd7 17. Rc1 b6 18. Rc3 Re8 19. Qc2 Qd8 20. h3 Bf5 21. Qc1 Be6 22. Rc7 Re7 23. Rxe7 Qxe7 24. Qc6 Qd8 25. Kh2 Bf8 26. a3 Qd6 27. Qa8 a5 28. Bf4 Qd7 29. Bh6 Qd6 30. Bxf8 Qxf8 31. Bxd5 Qxa8 32. Bxa8 Kf8 33. g4 Ke7 34. Kg3 g5 35. d5 Bd7 36. f4 f6 37. fxg5 fxg5 38. Kf3 h6 39. Bc6 Bc8 40. Ke4 Kd6 41. b4 axb4 42. axb4 Ba6 43. b5 Bc8 44. Kd4 Kc7 45. Ke5 Kd8 46. d6 Bd7 47. Bxd7 Kxd7 48. Kd5 Kd8 49. Kc6 Kc8 50. Kxb6 1-0

[Event "ROM-ch U12"]
[Site "Baile Felix"]
[Date "2017.02.02"]
[Round "1"]
[White "Meriuta, George Cosmin"]
[Black "Husaru, Remus George"]
[Result "1-0"]
[WhiteElo "1481"]
[BlackElo "1144"]
[PlyCount "61"]
[EventDate "2017.02.02"]
[EventType "swiss"]
[EventRounds "9"]
[EventCountry "ROU"]
[SourceTitle "CBM 176 Extra"]
[Source "ChessBase"]
[SourceDate "2017.03.02"]
[SourceVersion "1"]
[SourceVersionDate "2017.03.02"]
[SourceQuality "1"]

1. d4 d5 2. c4 e6 3. Nc3 Nf6 4. Bg5 Be7 5. e3 Nc6 6. Nf3 b6 7. a3 Bb7 8. Bd3 Nb8 9. cxd5 exd5 10. Qc2 h6 11. Bh4 c5 12. Bb5+ Bc6 13. Bxc6+ Nxc6 14. Qa4 Qd7 15. Nb5 0-0 16. Bg3 Na5 17. Ne5 Qe8 18. 0-0 a6 19. Nc3 Qxa4 20. Nxa4 b5 21. Nb6 Rad8 22. dxc5 Bxc5 23. b4 Bxb6 24. bxa5 Bxa5 25. Nc6 Bc3 26. Rac1 Bb2 27. Rc2 Bxa3 28. Nxd8 Rxd8 29. Ra1 b4 30. Be5 Nd7 31. Bb2 1-0

[Event "ROM-ch U12"]
[Site "Calimanesti Caciulata"]
[Date "2016.04.25"]
[Round "9"]
[White "Bordei, Rares Gabriel"]
[Black "Meriuta, George Cosmin"]
[Result "1-0"]
[WhiteElo "1268"]
[BlackElo "1429"]
[PlyCount "39"]
[EventDate "2016.04.18"]
[EventType "swiss"]
[EventRounds "9"]
[EventCountry "ROU"]
[SourceTitle "EXT 2017"]
[Source "ChessBase"]
[SourceDate "2016.10.25"]
[SourceVersion "1"]
[SourceVersionDate "2016.10.25"]
[SourceQuality "1"]

1. d4 Nf6 2. Nf3 d5 3. Bg5 e6 4. e3 Be7 5. Nbd2 0-0 6. Bd3 Nbd7 7. Ne5 Nxe5 8. dxe5 Nd7 9. Bxe7 Qxe7 10. f4 c5 11. c3 c4 12. Bc2 b5 13. 0-0 a5 14. Nf3 Nc5 15. Nd4 b4 16. Rf3 Bd7 17. Bxh7+ Kxh7 18. Rh3+ Kg8 19. Qh5 g6 20. Qh7# 1-0

[Event "ROM-ch U12"]
[Site "Calimanesti Caciulata"]
[Date "2016.04.24"]
[Round "8"]
[White "Meriuta, George Cosmin"]
[Black "Barbu, Simon Alexandru"]
[Result "0-1"]
[WhiteElo "1429"]
[BlackElo "1216"]
[PlyCount "84"]
[EventDate "2016.04.18"]
[EventType "swiss"]
[EventRounds "9"]
[EventCountry "ROU"]
[SourceTitle "CBM 172 Extra"]
[Source "ChessBase"]
[SourceDate "2016.06.21"]
[SourceVersion "1"]
[SourceVersionDate "2016.06.21"]
[SourceQuality "1"]

1. d4 e6 2. c4 d5 3. Nc3 Nf6 4. Bg5 Nbd7 5. cxd5 exd5 6. e3 c6 7. Bd3 Be7 8. Nf3 Nf8 9. 0-0 Bg4 10. h3 Bh5 11. Rb1 Bg6 12. b4 a6 13. a4 b5 14. Ne5 Qc7 15. Nxg6 Nxg6 16. Qc2 Qb7 17. Rfc1 0-0 18. axb5 axb5 19. Ne2 Rfc8 20. Nf4 Nxf4 21. Bxf4 h6 22. Bf5 Nd7 23. Qc3 Bf8 24. Rb2 g6 25. Bxd7 Qxd7 26. Rbc2 Ra6 27. Be5 Bg7 28. Bxg7 Kxg7 29. Qd2 Rca8 30. Rc5 Ra1 31. Qc3 Rxc1+ 32. Qxc1 Ra6 33. Qc3 f6 34. Qc1 f5 35. Qc3 Qd6 36. f3 Qg3 37. Rxc6 Ra2 38. Rc7+ Kf6 39. Qc6+ Kg5 40. f4+ Kh5 41. Qxd5 Ra1+ 42. Rc1 Rxc1# 0-1

[Event "ROM-ch U10"]
[Site "Calimanesti"]
[Date "2014.04.13"]
[Round "9"]
[White "Meriuta, George Cosmin"]
[Black "Lupu, David Stefan"]
[Result "1-0"]
[WhiteElo "1242"]
[BlackElo "1168"]
[PlyCount "71"]
[EventDate "2014.04.06"]
[EventType "swiss"]
[EventRounds "9"]
[EventCountry "ROU"]
[SourceTitle "CBM 160 Extra"]
[Source "ChessBase"]
[SourceDate "2014.07.01"]
[SourceVersion "1"]
[SourceVersionDate "2014.07.01"]
[SourceQuality "1"]

1. b3 e5 2. Bb2 d6 3. e3 c5 4. g3 Bd7 5. Bg2 Nf6 6. Bxb7 Nc6 7. Bxa8 Qxa8 8. Nc3 Ne7 9. f3 Ng4 10. e4 Nf6 11. d3 g6 12. Nge2 Bg7 13. Qd2 Bh3 14. Rg1 0-0 15. 0-0-0 Be6 16. Rdf1 Qc8 17. f4 exf4 18. gxf4 Bh6 19. Nb5 Qd7 20. Bxf6 Qxb5 21. Bxe7 Re8 22. Bxd6 Qa6 23. Bxc5 Qxa2 24. Kd1 Rc8 25. Bd4 Bxb3 26. cxb3 Qb1+ 27. Nc1 Rxc1+ 28. Qxc1 Qxd3+ 29. Qd2 Qxb3+ 30. Qc2 Qb4 31. Bc3 Qd6+ 32. Qd2 Qb6 33. Qd4 Qb1+ 34. Kd2 Qa2+ 35. Ke3 Qxh2 36. Qh8# 1-0

[Event "ROM-ch U10"]
[Site "Calimanesti"]
[Date "2014.04.10"]
[Round "6"]
[White "Sarighioleanu, Sebastian Laurentiu"]
[Black "Meriuta, George Cosmin"]
[Result "1-0"]
[WhiteElo "1467"]
[BlackElo "1242"]
[PlyCount "103"]
[EventDate "2014.04.06"]
[EventType "swiss"]
[EventRounds "9"]
[EventCountry "ROU"]
[SourceTitle "CBM 160 Extra"]
[Source "ChessBase"]
[SourceDate "2014.07.01"]
[SourceVersion "1"]
[SourceVersionDate "2014.07.01"]
[SourceQuality "1"]

1. e4 c5 2. Nf3 Nc6 3. d4 cxd4 4. Nxd4 d6 5. Nc3 Nf6 6. Be2 g6 7. Be3 Bg7 8. 0-0 0-0 9. h3 Bd7 10. Qd2 Rc8 11. Rad1 Re8 12. a3 a6 13. f4 Qc7 14. Qe1 Nxd4 15. Bxd4 Bc6 16. Bf3 Red8 17. Qf2 Rd7 18. e5 dxe5 19. Bxe5 Qd8 20. Rxd7 Nxd7 21. Bxg7 Kxg7 22. Bxc6 Rxc6 23. Rd1 Qc7 24. Qd4+ Nf6 25. Nd5 Qd7 26. Nxf6 Qxd4+ 27. Rxd4 Kxf6 28. c3 Rd6 29. Rxd6+ exd6 30. Kf2 Ke6 31. Ke3 f5 32. Kd4 b5 33. b3 d5 34. Kc5 h6 35. h4 Kf6 36. Kxd5 g5 37. g3 gxh4 38. gxh4 Kg6 39. Ke5 Kh5 40. Kxf5 Kxh4 41. Kg6 h5 42. f5 Kg4 43. f6 h4 44. f7 h3 45. f8Q h2 46. Qf1 Kg3 47. Qh1 Kh3 48. Kf5 Kg3 49. Ke4 Kh3 50. Kf4 a5 51. Qf3+ Kh4 52. Qg4# 1-0

[Event "ROM-ch U10"]
[Site "Calimanesti"]
[Date "2014.04.07"]
[Round "2"]
[White "Meriuta, George Cosmin"]
[Black "Nicoara, David Cristian"]
[Result "1/2-1/2"]
[WhiteElo "1242"]
[BlackElo "1248"]
[PlyCount "48"]
[EventDate "2014.04.06"]
[EventType "swiss"]
[EventRounds "9"]
[EventCountry "ROU"]
[SourceTitle "CBM 160 Extra"]
[Source "ChessBase"]
[SourceDate "2014.07.01"]
[SourceVersion "1"]
[SourceVersionDate "2014.07.01"]
[SourceQuality "1"]

1. d4 d5 2. c4 e6 3. Nc3 Nf6 4. Bg5 Nbd7 5. e3 Be7 6. Nf3 0-0 7. cxd5 exd5 8. Bd3 b6 9. 0-0 Bb7 10. Qe2 Ne4 11. Bxe7 Qxe7 12. Rac1 Rac8 13. Ba6 Bxa6 14. Qxa6 Ra8 15. Nb5 c5 16. Nc7 Rac8 17. Nxd5 Qd6 18. Nc3 Nxc3 19. Rxc3 Rc7 20. Rfc1 Rfc8 21. Qa3 Qd5 22. R3c2 a5 23. h3 h6 24. Rc3 Rc6 1/2-1/2